000 00949nam a2200253 a 4500
001 000027335
003 DO-SdBNP
005 20240927073748.0
007 ta
008 110331e19621974dr ac gr 001 e spa d
040 _aDO-SdBNP
_bspa
_cBNPHU
082 4 _a923.57293
_bD985b, 1974
_222
100 1 _a Balaguer, Joaquín,
_d1906-2002
_976556
245 1 3 _aEl centinela de la frontera :
_bvida y hazañas de Antonio Duvergé /
_cJoaquín Balaguer.
250 _a2a. ed.
260 _aSanto Domingo :
_b[s.n.],
_c1974
300 _a190 p. :
_bil., retrs. ;
_c22 cm.
500 _aIncluye bibliografía y notas al pie de las páginas.
505 _tEl hombre.--
_tEl Soldado.--
_tCampaña de 1844.--
_tCampaña de 1845.--
_tCampaña de 1849.--
_tProceso, Muerte y Resurrección del Prócer.
590 _aInventariado, 2020 / DG
600 1 4 _aDuvergé, Antonio,
_d1807-1855
_934515
910 _aValidado. Control de calidad MMOLINA
942 _2ddc
_cLBS1
999 _c26827
_d26827